000 00420nam a22001697a 4500
999 _c12835
_d12835
008 250922b 2024 ||||| |||| 00| 0 eng d
020 _a9789391247133
082 _a547
_bJAI
100 _aJain, M. K.
245 _aModern organic chemistry
260 _aPunjab
_bVishal Publishing Co.
_c2024
300 _axvi,1468pgs.
650 _aReaction mechanism
650 _aAlkenes
650 _aCarboxyl
942 _cBK